
Library Catalogue

| 000 -LEADER | |
|---|---|
| fixed length control field | 01170cam a2200241 i 4500 |
| 001 - CONTROL NUMBER | |
| control field | 18847473 |
| 005 - DATE AND TIME OF LATEST TRANSACTION | |
| control field | 20260121045724.0 |
| 008 - FIXED-LENGTH DATA ELEMENTS--GENERAL INFORMATION | |
| fixed length control field | 151106s2016 ilu b 001 0 eng |
| 010 ## - LIBRARY OF CONGRESS CONTROL NUMBER | |
| LC control number | 2015043809 |
| 020 ## - INTERNATIONAL STANDARD BOOK NUMBER | |
| International Standard Book Number | 9780252081736 |
| Qualifying information | (pbk.) |
| 082 ## - DEWEY DECIMAL CLASSIFICATION NUMBER | |
| Classification number | 342.730858 FIE |
| 100 1# - MAIN ENTRY--PERSONAL NAME | |
| Personal name | Fields, Sarah K. |
| 245 10 - TITLE STATEMENT | |
| Title | Game faces : |
| Remainder of title | sport celebrity and the laws of reputation / |
| Statement of responsibility, etc. | Sarah K. Fields |
| 264 #1 - PRODUCTION, PUBLICATION, DISTRIBUTION, MANUFACTURE, AND COPYRIGHT NOTICE | |
| Place of production, publication, distribution, manufacture | Urbana : |
| Name of producer, publisher, distributor, manufacturer | University of Illinois Press, |
| Date of production, publication, distribution, manufacture, or copyright notice | 2016. |
| 300 ## - PHYSICAL DESCRIPTION | |
| Extent | xxii, 187 p. ; |
| Dimensions | 24 cm. |
| 490 0# - SERIES STATEMENT | |
| Series statement | Sport and society |
| 505 0# - FORMATTED CONTENTS NOTE | |
| Formatted contents note | The history of celebrity and the laws -- Lies, libel, and football : coaches as public figures -- Stop the press : a baseball legend and biography -- Super bowl icon or marketing tool? -- Owning a face : publicity and advertising -- Art versus image : the First Amendment versus the right of publicity -- What's in a name? comic books and hockey. |
| 650 #0 - SUBJECT ADDED ENTRY--TOPICAL TERM | |
| Topical term or geographic name entry element | Celebrities |
| General subdivision | Legal status, laws, etc. |
| Geographic subdivision | United States |
| Form subdivision | Cases. |
| 650 #0 - SUBJECT ADDED ENTRY--TOPICAL TERM | |
| Topical term or geographic name entry element | Publicity (Law) |
| Geographic subdivision | United States |
| Form subdivision | Cases. |
| 650 #0 - SUBJECT ADDED ENTRY--TOPICAL TERM | |
| Topical term or geographic name entry element | Photographs |
| General subdivision | Law and legislation |
| Geographic subdivision | United States |
| Form subdivision | Cases. |
| 650 #0 - SUBJECT ADDED ENTRY--TOPICAL TERM | |
| Topical term or geographic name entry element | Freedom of the press |
| Geographic subdivision | United States |
| Form subdivision | Cases. |
| 942 ## - ADDED ENTRY ELEMENTS (KOHA) | |
| Source of classification or shelving scheme | Dewey Decimal Classification |
| Koha item type | BOOKs |
| Withdrawn status | Lost status | Damaged status | Not for loan | Collection code | Home library | Current library | Shelving location | Date acquired | Cost, normal purchase price | Total Checkouts | Full call number | Barcode | Date last seen | Price effective from | Koha item type |
|---|---|---|---|---|---|---|---|---|---|---|---|---|---|---|---|
| . | . | 05.11.2018 | 0.00 | 342.730858 FIE | 35305 | 05.11.2018 | 05.11.2018 | BOOKs |